La famiglia omogenitoriale in Europa : diritti di cittadinanza e libera circolazione /

সংরক্ষণ করুন:
গ্রন্থ-পঞ্জীর বিবরন
সংস্থা লেখক: Rights on the move (progetto)
অন্যান্য লেখক: Schuster, Alexander, (1977- ) (সম্পাদক), Toniollo, Maria Gigliola (সম্পাদক)
বিন্যাস: গ্রন্থ
ভাষা:ইতালিয়
প্রকাশিত: Roma : Ediesse, 2015
মালা:Saggi
বিষয়গুলি:
ট্যাগগুলো: ট্যাগ যুক্ত করুন
কোনো ট্যাগ নেই, প্রথমজন হিসাবে ট্যাগ করুন!

MARC

LEADER 00000nam a2200000 i 4500
001 IT\ICCU\LO1\1572391
003 ItRI
005 20260115232053.0
008 150506s2015 it |||||| ||||| |||||c
015 |2 IT  |a 2016-8102 
020 |a 9788823019416 
040 |b ita  |c importazione bologna sebina 
041 7 |a ita  |2 ISO-639-2 
082 |a 346.240150264  |9 DIRITTO DELLE RELAZIONI FAMILIARI (DIRITTO DI FAMIGLIA). UNIONE EUROPEA. Giurisprudenza  |2 23 
245 0 3 |a La famiglia omogenitoriale in Europa :  |b diritti di cittadinanza e libera circolazione /  |c a cura di Alexander Schuster e Maria Gigliola Toniollo. 
260 |a Roma :  |b Ediesse,  |c 2015 
300 |a 429 p. ;  |c 21 cm 
500 |a In copertina: Unione europea 
500 |a In testa al frontespizio: Progetto europeo Rights on the move-Rainbow families in Europe 
650 7 |a Famiglie omogenitoriali  |x Diritto comunitario [e] Diritto interno  |2 nsbncf 
700 1 |a Schuster, Alexander,  |d  (1977- )  |0 IT\ICCU\CFIV\258075  |4 edt 
700 1 |a Toniollo, Maria Gigliola  |0 IT\ICCU\UBOV\699619  |4 edt 
710 2 |a Rights on the move (progetto)  |0 IT\ICCU\CFIV\331253 
830 0 |a Saggi  |0 IT\ICCU\LO1\0522053 
942 |2 ddc  |c BK  |n 0 
952 |0 0  |1 0  |4 0  |6 DOC_306_874000000000000_SCH  |7 0  |9 19513  |a BO  |b BO  |d 2026-01-15  |i 17950  |l 0  |o DOC 306.874 SCH  |p BO17950  |r 2026-01-15 23:20:53  |w 2026-01-15  |x [Sebina 5] [1 v.]  |y BK  |z 1 v. 
999 |c 16620  |d 16620